000 00568nam a22001937a 4500
003 OSt
005 20251204134000.0
008 251204b |||||||| |||| 00| 0 eng d
020 _a0-07-249870-6
040 _aDWC-Main Lib.
_cOC
082 _28th ed.
_aCirc. 658.007 C784b 2003
100 _aSchindler, Pamela S.
245 _aBusiness research methods/
_cPamela S. Schindler
250 _a8th ed.
260 _aBoston :
_bMcGraw-Hill,
_cc2002
300 _axix, 843 p. ;
_c25 cm.
504 _aIncludes index.
942 _2ddc
_cBK-CIRC
_e8th ed.
_hCirc.
_n0
999 _c6840
_d6840